[Event "Alushta Autumn 4 2013"]
[Site "Alushta UKR"]
[Date "2013.09.19"]
[Round "14"]
[White "Shtyrenkov,V"]
[Black "Pavlov,Ma"]
[Result "0-1"]
[WhiteElo "2341"]
[BlackElo "2408"]

1.e4 c5 2.Nf3 Nc6 3.Bb5 d6 4.Bxc6+ bxc6 5.O-O e5 6.Re1 g5 7.d3 g4 8.Nfd2 h5
9.Nf1 Bg7 10.Nbd2 Ne7 11.Nc4 Be6 12.c3 Qd7 13.Qa4 Rb8 14.b3 h4 15.Bg5 f6
16.Bd2 f5 17.exf5 Nxf5 18.Rad1 O-O 19.Nfe3 Ne7 20.Bc1 Nd5 21.Nxd5 Bxd5 22.Ne3 Be6
23.Re2 Rf7 24.Rde1 Rbf8 25.Ba3 Rf4 26.Qa6 Qf7 27.Nd1 g3 28.f3 gxh2+ 29.Kxh2 h3  0-1

[Event "Baku Open 2013"]
[Site "Baku AZE"]
[Date "2013.09.19"]
[Round "1.2"]
[White "Anurag,M"]
[Black "Sutovsky,E"]
[Result "0-1"]
[WhiteElo "2426"]
[BlackElo "2660"]

1.e4 c5 2.Nf3 Nc6 3.Bb5 g6 4.O-O Bg7 5.Re1 Nf6 6.c3 O-O 7.Na3 d6 8.h3 e5
9.d4 exd4 10.cxd4 Nxd4 11.Nxd4 cxd4 12.Qxd4 a6 13.Bf1 Re8 14.Qb4 d5 15.e5 Ne4
16.Be3 Bxe5 17.Rad1 Bc7 18.Qd4 Be6 19.Nc4 Rc8 20.Bd3 Qh4 21.Nb6 Rcd8 22.Bxe4 dxe4
23.Qc5 Bb8 24.Nd5 Rd7 25.Nc3 Bxh3 26.Qg5 Rxd1 27.Rxd1 Qxg5 28.Bxg5 Bg4 29.Rd4 Bf5
30.Nd5 Kg7 31.Bf6+ Kf8 32.Rb4 b5 33.a4 Bd6 34.Rd4 Rc8 35.Bg5 Be5 36.Bh6+ Ke8
37.Rb4 Rc4 38.b3 Rc5 39.axb5 Rxd5  0-1

[Event "TCh-CRO Ia Liga 2013"]
[Site "Bol CRO"]
[Date "2013.09.19"]
[Round "6.1"]
[White "Leventic,I"]
[Black "Kurajica,B"]
[Result "1/2-1/2"]
[WhiteElo "2448"]
[BlackElo "2507"]

1.e4 c5 2.Nf3 Nc6 3.Bb5 e6 4.Bxc6 bxc6 5.O-O Ne7 6.d3 f6 7.Nh4 g6 8.f4 d6
9.c4 Bg7 10.Nf3 O-O 11.Nc3 e5 12.fxe5 fxe5 13.Be3 h6 14.Qe2 Be6 15.Nd2 Qd7
16.Rxf8+ Rxf8 17.Rf1 Rb8 18.b3 Kh7 19.Qe1 Ng8 20.Qh4 Qe7 21.Qxe7  1/2-1/2

[Event "TCh-CRO Ia Liga 2013"]
[Site "Bol CRO"]
[Date "2013.09.19"]
[Round "6.4"]
[White "Stevic,H"]
[Black "Fedorchuk,S"]
[Result "1/2-1/2"]
[WhiteElo "2626"]
[BlackElo "2667"]

1.e4 c5 2.Nf3 Nc6 3.Bb5 e6 4.O-O Nge7 5.c3 a6 6.Ba4 b5 7.Bc2 Bb7 8.Re1 c4
9.a4 Ng6 10.axb5 axb5 11.Rxa8 Bxa8 12.d4 cxd3 13.Qxd3 b4 14.Nbd2 Be7 15.Nc4  1/2-1/2

[Event "TCh-CRO Ia Liga 2013"]
[Site "Bol CRO"]
[Date "2013.09.20"]
[Round "7.4"]
[White "Biliskov,V"]
[Black "Orak,L"]
[Result "1-0"]
[WhiteElo "2325"]
[BlackElo "2301"]

1.e4 c5 2.Nf3 Nc6 3.Bb5 Nf6 4.Nc3 g6 5.Bxc6 dxc6 6.d3 Bg7 7.O-O Bg4 8.h3 Bxf3
9.Qxf3 O-O 10.Be3 b6 11.Qe2 e5 12.Qd2 Qd7 13.Rae1 Qe6 14.b3 Ne8 15.f4 exf4
16.Bxf4 Be5 17.Nd1 Rd8 18.Ne3 Bd4 19.Kh1 Bxe3 20.Qxe3 f6 21.Qf3 Ng7 22.g4 Rde8
23.Qg3 Rf7 24.Bc1 Qe5 25.Qxe5 Rxe5 26.Bb2 Re6 27.Rf2 Ne8 28.Ref1 h5 29.gxh5 gxh5
30.Rf5 Ng7 31.Rxf6 Rexf6 32.Rxf6 Ne8 33.Rxf7 Kxf7 34.Kg2 Nc7 35.Kg3 Ne6 36.Be5 a6
37.h4 Ke7 38.c3 b5 39.Kf3 Nf8 40.Bg3 Ng6 41.d4 cxd4 42.cxd4 Ke6 43.Ke3 Kd7
44.Kd3 Ke6 45.Kc3 a5 46.a4 bxa4 47.bxa4 Nf8 48.Kc4 Kd7 49.d5 Ng6 50.Kc5 Ne7
51.Bd6  1-0

[Event "TCh-CRO Ia Liga 2013"]
[Site "Bol CRO"]
[Date "2013.09.20"]
[Round "7.1"]
[White "Galic,I2"]
[Black "Hulak,K"]
[Result "1-0"]
[WhiteElo "2345"]
[BlackElo "2484"]

1.e4 c5 2.Nf3 Nc6 3.Bb5 g6 4.Bxc6 dxc6 5.d3 Bg7 6.h3 Nf6 7.Nc3 Nd7 8.Be3 e5
9.Qd2 h6 10.Nh2 Qe7 11.O-O-O Nf8 12.f4 exf4 13.Bxf4 Ne6 14.Be3 Nd4 15.Rdf1 Be6
16.Ng4 g5 17.Qf2 O-O-O 18.Nf6 Qd6 19.g4 Bxf6 20.Qxf6 Nxc2 21.Bxc5 Qxc5 22.Kxc2 h5
23.Kb1 hxg4 24.hxg4 Rxh1 25.Rxh1 Qe3 26.Ka1 Rxd3 27.Nd5 cxd5 28.Qe7 Bd7 29.e5 Qb6
30.Rc1+ Bc6 31.Qe8+ Qd8 32.Rxc6+ bxc6 33.Qxc6+ Qc7 34.Qe8+ Kb7 35.Qb5+ Qb6
36.Qd7+ Kb8 37.Qe8+ Kc7 38.Qxf7+ Kc6 39.Qg6+ Kb7 40.Qxd3 Qg1+ 41.Qb1 Qxg4
42.Qh7+ Kb6 43.Qg6+ Ka5 44.a3 Qc4 45.Qxg5 Kb5 46.Qg2 Qe4 47.Qf1+ Kc5 48.Qf6 d4
49.Qd6+ Kc4 50.e6 Qe1+ 51.Ka2 d3 52.b3+  1-0

[Event "46th TCh-BUL w 2013"]
[Site "Sunny Beach BUL"]
[Date "2013.09.20"]
[Round "2.2"]
[White "Bednikova,S"]
[Black "Nikolova,A"]
[Result "0-1"]
[WhiteElo "2043"]
[BlackElo "2274"]

1.e4 c5 2.Nf3 Nc6 3.Bb5 d6 4.O-O Bd7 5.Re1 a6 6.Bf1 Bg4 7.h3 Bh5 8.g4 Bg6
9.d4 cxd4 10.Nxd4 h5 11.g5 h4 12.Bg2 e6 13.c4 Nxd4 14.Qxd4 Ne7 15.Nc3 Nc6
16.Qe3 Be7 17.f4 Qa5 18.Kh1 Qc5 19.Qe2 Bh5 20.Qf1 Bd8 21.Be3 Qb4 22.Qd3 Rc8
23.b3 Qa3 24.Na4 O-O 25.c5 Be7 26.Nb6 Rcd8 27.Nc4 Qb4 28.cxd6 Bxd6 29.Qc2 Bc7
30.Qf2 Qc3 31.Rac1 Qd3 32.Qxh4 g6 33.Qf2 Rfe8 34.Rc2 Qd7 35.Rd2 Qc8 36.Nb6 Bxb6
37.Bxb6 Rxd2 38.Qxd2 e5 39.Rf1 exf4 40.Qxf4 Qd7 41.Bc5 Ne5 42.Qe3 Nc6 43.Rf2 Qd1+
44.Kh2 Qa1 45.Bd6 Re6 46.Bg3 Qd1 47.Rd2 Qb1 48.Rd6 Rxd6 49.Bxd6 Qxa2 50.e5 Qe2
51.Qf4 Nd8 52.Qa4 Bf3 53.Qe8+ Kh7  0-1

[Event "Dnipropetrovsk A 2013"]
[Site "Dnipropetrovsk UKR"]
[Date "2013.09.21"]
[Round "8.3"]
[White "Gritsayeva,O"]
[Black "Orlyanskaya,D"]
[Result "1/2-1/2"]
[WhiteElo "2346"]
[BlackElo "2053"]

1.e4 c5 2.Nf3 Nc6 3.Bb5 g6 4.Bxc6 dxc6 5.h3 Bg7 6.d3 Nf6 7.a4 Nd7 8.O-O Nf8
9.Na3 e5 10.Nc4 Qc7 11.c3 Ne6 12.Re1 O-O 13.Be3 Rd8 14.Qc2 b6 15.b4 Ba6 16.bxc5 bxc5
17.Rad1 Bxc4 18.dxc4 f6 19.Nd2 Kf7 20.Nb3 Bf8 21.Kf1 Rxd1 22.Rxd1 Rd8 23.Ke2 Rxd1
24.Qxd1 Qd6 25.Qd3 Qxd3+ 26.Kxd3 Ke8 27.g3 g5 28.Ke2 Bd6 29.Kf3 Kf7 30.Kg4 Kg6
31.h4 h5+ 32.Kh3 g4+ 33.Kg2 f5 34.f3  1/2-1/2

[Event "1st League Cent-SRB 2013"]
[Site "Kragujevac SRB"]
[Date "2013.09.21"]
[Round "10.5"]
[White "Radibratovic,P"]
[Black "Atalik,S"]
[Result "0-1"]
[WhiteElo "2362"]
[BlackElo "2566"]

1.e4 c5 2.Nf3 Nc6 3.Bb5 d6 4.O-O Bd7 5.Re1 Nf6 6.h3 e5 7.c3 a6 8.Ba4 b5 9.Bc2 g5
10.d4 g4 11.dxe5 gxf3 12.exf6 Qxf6 13.e5 Nxe5 14.Qd5 Rc8 15.Nd2 Bc6 16.Ne4 Qg7  0-1

[Event "1st League Cent-SRB 2013"]
[Site "Kragujevac SRB"]
[Date "2013.09.21"]
[Round "10.6"]
[White "Perunovic,Mio"]
[Black "Djukic,Z SRB"]
[Result "1-0"]
[WhiteElo "2418"]
[BlackElo "2386"]

1.e4 c5 2.Nf3 Nc6 3.Bb5 e6 4.O-O Nge7 5.Re1 a6 6.Bxc6 Nxc6 7.d4 cxd4 8.Nxd4 Qc7
9.Nxc6 Qxc6 10.Nc3 b5 11.Nd5 Bb7 12.Bf4 Rc8 13.c4 bxc4 14.Rc1 f5 15.b3 fxe4
16.Qh5+ g6 17.Qe5 Qxd5 18.Qxh8 Qh5 19.Rxc4 Bc6 20.Rc3 Qf5 21.Bh6 Ra8 22.Bxf8 Qxf8
23.Qxh7 Qf7 24.Qh8+ Ke7 25.Qd4 Qf6 26.Qb4+ Kf7 27.Rxc6  1-0

[Event "TCh-NED Meesterklasse 2013-14"]
[Site "Netherland NED"]
[Date "2013.09.21"]
[Round "1.5"]
[White "Vedder,H"]
[Black "Hoeksema,E"]
[Result "0-1"]
[WhiteElo "2372"]
[BlackElo "2365"]

1.e4 c5 2.Nf3 Nc6 3.Bb5 d6 4.O-O Bd7 5.Re1 Nf6 6.c3 a6 7.Bf1 Bg4 8.h3 Bxf3
9.Qxf3 g6 10.Na3 Bg7 11.Nc2 Nd7 12.d3 Qb6 13.Ne3 O-O 14.h4 Nf6 15.Nd5 Nxd5
16.exd5 Ne5 17.Qh3 h5 18.Be2 f5 19.f4 Ng4 20.Qf3 Bf6 21.g3 Qa5 22.Bd2 b5
23.a3 Qb6 24.Kg2 a5 25.Rac1 Rac8 26.Qf1 b4 27.axb4 axb4 28.Bxg4 hxg4 29.Qe2 Kg7
30.Qe6 Qa6 31.Re3 Qa2 32.cxb4 Qxb2 33.Re2 Qa3 34.bxc5 Rxc5 35.Rxc5 Qxc5 36.Be1 Qd4
37.Re3 Ra8 38.Bf2 Ra5 39.h5 gxh5 40.Qxf5 Qxd5+ 41.Qe4 Qxe4+ 42.dxe4 Ra2 43.e5 dxe5
44.fxe5 Bg5 45.Re4 Kg6 46.Kg1 Kf5 47.Re1 Ra4 48.Kg2 Re4 49.Rb1 Rxe5 50.Rb8 Bf6
51.Rb2 Rd5 52.Ra2 Rd3 53.Be1 e5 54.Kf1 e4 55.Ra5+ Be5 56.Rb5 Ra3 57.Ke2 Ra2+
58.Ke3 Ra3+ 59.Ke2 h4 60.gxh4 g3 61.Ra5 Rxa5 62.Bxa5 Kg4 63.Bb6 Bf4 64.Kf1 Kf3
65.h5 g2+ 66.Kg1 e3  0-1

[Event "TCh-FIN SM 2013-14"]
[Site "Porvoo FIN"]
[Date "2013.09.21"]
[Round "1.2"]
[White "Agopov,M"]
[Black "Ristoja,J"]
[Result "1-0"]
[WhiteElo "2440"]
[BlackElo "2260"]

1.e4 c5 2.Nf3 Nc6 3.Bb5 d6 4.O-O Bd7 5.Re1 a6 6.Bxc6 Bxc6 7.d4 cxd4 8.Nxd4 Nf6
9.Nc3 e6 10.Qf3 d5 11.Nxc6 bxc6 12.Bg5 Be7 13.Bxf6 gxf6 14.Rad1 Rb8 15.exd5 cxd5
16.Nxd5 exd5 17.Qxf6 O-O 18.Rxe7 Rxb2 19.Qg5+ Kh8 20.Qe5+ Kg8 21.Rxf7  1-0

[Event "46th TCh-BUL w 2013"]
[Site "Sunny Beach BUL"]
[Date "2013.09.21"]
[Round "3.1"]
[White "Stojanovic,Andj"]
[Black "Strutinskaya,G"]
[Result "1-0"]
[WhiteElo "2303"]
[BlackElo "2292"]

1.e4 c5 2.Nf3 Nc6 3.Bb5 e6 4.O-O Nge7 5.Re1 a6 6.Bf1 d5 7.exd5 Nxd5 8.d4 Nf6
9.Be3 cxd4 10.Nxd4 Nxd4 11.Qxd4 Qxd4 12.Bxd4 Bd7 13.c4 Rc8 14.Nc3 Bc5 15.Be5 Bc6
16.h3 Rd8 17.Rad1 Ke7 18.a3 Rxd1 19.Rxd1 Rd8 20.Rxd8 Kxd8 21.b4 Be7 22.Bd3 g6
23.Bd4 h5 24.h4 Nd7 25.g3 Bf3 26.Ne4 Bg4 27.Ng5 Ke8 28.Be4 b6 29.Bc6 a5 30.Bxb6 axb4
31.axb4 Bxb4 32.Nxf7 Bc3 33.Be3 Ke7 34.Ng5 Be2 35.Ne4 Bb4 36.Bg5+ Kf7 37.Bxd7 Bxc4
38.Bd8 e5 39.Ng5+ Kg7 40.Bc6 Bd6 41.Ne4 Bb8 42.Be7 Bd3 43.Bd5 Bc7 44.Bf6+ Kh6
45.Ng5  1-0

[Event "e2e4 Bedford Open 2013"]
[Site "Bedford ENG"]
[Date "2013.09.22"]
[Round "4"]
[White "Salem,I"]
[Black "Oyama,Akito"]
[Result "1/2-1/2"]
[WhiteElo "2114"]
[BlackElo "1990"]

1.e4 c5 2.Nf3 Nc6 3.Bb5 Qc7 4.O-O a6 5.Bxc6 dxc6 6.e5 Bg4 7.Re1 e6 8.h3 Bh5
9.d3 O-O-O 10.Nbd2 h6 11.a4 g5 12.g4 Bg6 13.Nc4 Ne7 14.Nd6+ Rxd6 15.exd6 Qxd6
16.Ne5 Bg7 17.Nc4 Qc7 18.Bd2 Nd5 19.Ra3 Bd4 20.Qf3 h5 21.Bxg5 hxg4 22.hxg4 Rg8
23.Kf1 Bxd3+ 24.Rxd3 Rxg5 25.c3 Bg7 26.a5 Kb8 27.Red1 Ka7 28.Qg3 e5 29.Rxd5 cxd5
30.Rxd5 Bf8 31.Nb6 Rg6 32.Rd7 Qb8 33.Qd3 e4 34.Qd5 Rxb6 35.axb6+ Kxb6 36.Rd8 Qh2
37.Rxf8 Qh1+ 38.Ke2 Qf3+ 39.Ke1 Qh1+ 40.Ke2 Qf3+  1/2-1/2

[Event "TCh-FIN SM 2013-14"]
[Site "Tampere FIN"]
[Date "2013.09.22"]
[Round "2.1"]
[White "Karttunen,M"]
[Black "Ivanov,SA"]
[Result "1-0"]
[WhiteElo "2446"]
[BlackElo "2336"]

1.e4 c5 2.Nf3 Nc6 3.Bb5 g6 4.Bxc6 dxc6 5.h3 Bg7 6.d3 Nf6 7.O-O Nd7 8.a4 a5
9.Na3 O-O 10.c3 e5 11.Be3 h6 12.Re1 b6 13.d4 exd4 14.cxd4 Ba6 15.e5 cxd4
16.Bxd4 Re8 17.e6 Rxe6 18.Rxe6 fxe6 19.Qc2 e5 20.Be3 Qf6 21.Nc4 Rb8 22.Rd1 Qe6
23.Nd6 c5 24.Qd2 g5 25.Bxg5 e4 26.Nxe4 Qxe4 27.Qxd7 Rf8 28.Be7 Bc8 29.Qd5+ Qxd5
30.Rxd5 Re8 31.Bd8 Bb7 32.Rd2 Re6 33.b3 Rg6 34.Nh4 Re6 35.Bc7 Be4 36.g4 Bd4
37.Kh2 Bd5 38.Nf5 Bxb3 39.Nxd4 cxd4 40.Rxd4 Rc6 41.Be5 Rc4 42.Rd6 Bxa4 43.Rxh6 b5
44.Ra6 Rc5 45.Bd6 Rd5 46.Bc7 b4 47.Rxa5 Bb5 48.Bd6 b3 49.Ba3 Kf7 50.h4 Kg6
51.h5+ Kg5 52.Kg3 Kf6 53.f3 Kf7 54.Bb2 Rc5 55.Ra7+ Ke6 56.h6  1-0

[Event "XXI Vallfogona Rapid Open"]
[Site "Vallfogona de Balaguer ESP"]
[Date "2013.09.22"]
[Round "9.5"]
[White "Sanchez Ibern,M"]
[Black "Colon Garcia,E"]
[Result "1/2-1/2"]
[WhiteElo "2398"]
[BlackElo "2345"]

1.e4 c5 2.Nf3 Nc6 3.Bb5 d6 4.O-O Bd7 5.Re1 Nf6 6.c3 a6 7.Bxc6 Bxc6 8.d4 Bxe4
9.Bg5 d5 10.Nbd2 e6 11.Nxe4 dxe4 12.Rxe4 Be7 13.Re2 cxd4 14.Qxd4  1/2-1/2

[Event "XXI Vallfogona Rapid Open"]
[Site "Vallfogona de Balaguer ESP"]
[Date "2013.09.22"]
[Round "10.6"]
[White "Gonzalez Perez,A"]
[Black "Adel Lahchaichi,O"]
[Result "0-1"]
[WhiteElo "2466"]
[BlackElo "2213"]

1.e4 c5 2.Nf3 Nc6 3.Bb5 Qc7 4.O-O e5 5.c3 Nf6 6.d4 cxd4 7.cxd4 exd4 8.e5 Nd5
9.Nxd4 Qb6 10.Bc4 Qxd4 11.Bxd5 Bc5 12.Qb3 O-O 13.Be3 Qb4 14.Bxc5 Qxc5 15.Nc3 Nxe5
16.Ne4 Qe7 17.f4 Nc6 18.Rae1 h6 19.Kh1 Nd8 20.f5 Qe5 21.f6 g6 22.Ng3 Qg5
23.Ne4 Qe5 24.Ng3 Qg5 25.Re4 Ne6 26.h4 Qd2 27.Bxe6 dxe6 28.Rd1 Qf2 29.Rf1 Qd2
30.Re2 Qd4 31.Ne4 e5 32.Rd1 Qb6 33.Qg3 Bf5 34.Nd6 Rad8 35.Red2 Bc2 36.Nc4 Rxd2
37.Nxb6 Rxd1+ 38.Kh2 axb6 39.Qxe5 Bf5 40.h5 Rdd8 41.g4 Bd3 42.hxg6 Bxg6 43.Qf4 Kh7
44.Qe3 Rd6 45.g5 Re6 46.Qa3 Rfe8 47.gxh6 Re2+ 48.Kg1 Re1+ 49.Kf2 R8e2+ 50.Kf3 Re3+  0-1

[Event "Baku Open 2013"]
[Site "Baku AZE"]
[Date "2013.09.23"]
[Round "5.10"]
[White "Iordachescu,V"]
[Black "Mamedov,Rau"]
[Result "1/2-1/2"]
[WhiteElo "2609"]
[BlackElo "2641"]

1.e4 c5 2.Nf3 Nc6 3.Bb5 g6 4.Bxc6 bxc6 5.O-O Bg7 6.Re1 Nf6 7.e5 Nd5 8.c4 Nc7
9.d4 cxd4 10.Qxd4 O-O 11.Qh4 f6 12.Nc3 Ne6 13.Bd2 fxe5 14.Nxe5 Qb6 15.Rad1 d6
16.Nd3 Qd4 17.Qxd4 Bxd4 18.Re2 Bf6 19.Ne4 Bg7 20.Ng5 Nd4 21.Rxe7 Bf6 22.Ree1 Nc2
23.Re2 Nd4 24.Ree1 Nc2 25.Re2 Nd4  1/2-1/2

[Event "Baku Open 2013"]
[Site "Baku AZE"]
[Date "2013.09.23"]
[Round "5.31"]
[White "Guliev,L"]
[Black "Mahdavirad,M"]
[Result "1/2-1/2"]
[WhiteElo "2380"]
[BlackElo "2252"]

1.e4 c5 2.Nf3 Nc6 3.Bb5 g6 4.O-O Bg7 5.Re1 e5 6.Bxc6 bxc6 7.d3 d6 8.h3 Nf6
9.Nbd2 O-O 10.Nc4 Nh5 11.c3 Qc7 12.d4 exd4 13.cxd4 d5 14.exd5 cxd5 15.Nce5 Re8
16.Qa4 Bb7 17.Bd2 cxd4 18.Qxd4 f6 19.Nd3 Re4 20.Qc5 Qf7 21.Qb5 Bf8 22.Nc5 Bxc5
23.Qxc5 Ng7 24.Bc3 Ne6 25.Qa5 Bc6 26.Qa6 Bb7 27.Qb5 Kg7 28.Rad1 a6 29.Qb6 Re8
30.Rxe4 dxe4 31.Nh2 h5 32.Rd6 Re7 33.Nf1 Kh7 34.Ng3 f5 35.Ne2 Bc8 36.Nd4 Nxd4
37.Qxd4 Re8 38.b4 Qe7 39.Rc6 f4 40.Qb6 e3 41.fxe3 Qxe3+ 42.Qxe3 fxe3 43.a4 h4
44.b5 axb5 45.axb5 Kh6 46.b6 Ba6 47.Rc7 e2 48.Be1 Rf8 49.Bd2+ g5 50.Re7 Rf1+
51.Kh2 Rd1 52.Re6+ Kh5 53.Bb4 Rb1 54.Ba5 Ra1 55.Bc3 Rc1 56.Bd2 Rd1 57.b7 Bxb7
58.Rxe2 Ba6 59.Rf2 Rf1  1/2-1/2

[Event "Werder Bremen GM 2013"]
[Site "Bremen GER"]
[Date "2013.09.23"]
[Round "3.4"]
[White "Burg,T"]
[Black "Meins,G"]
[Result "1/2-1/2"]
[WhiteElo "2490"]
[BlackElo "2448"]

1.e4 c5 2.Nf3 Nc6 3.Bb5 d6 4.O-O Bd7 5.Re1 a6 6.Bf1 Bg4 7.h3 Bxf3 8.Qxf3 e6
9.c3 g6 10.Na3 Bg7 11.Nc2 Nge7 12.d3 O-O 13.Bf4 Qd7 14.Rad1 b5 15.d4 cxd4
16.cxd4 Rfc8 17.e5 Nd5 18.exd6 Bf8 19.Ne3 Nxf4 20.Qxf4 Qxd6 21.Qxd6 Bxd6
22.d5 exd5 23.Nxd5 Rd8 24.Nf6+ Kh8 25.Ne4  1/2-1/2

[Event "63rd TCh-BUL GpB 2013"]
[Site "Sunny Beach BUL"]
[Date "2013.09.23"]
[Round "7.2"]
[White "Stefanov,Pl"]
[Black "Ivelinov,H"]
[Result "1-0"]
[WhiteElo "2204"]
[BlackElo "2199"]

1.e4 c5 2.Nf3 Nc6 3.Bb5 Qb6 4.Bxc6 bxc6 5.O-O e6 6.e5 Ne7 7.Nc3 Ng6 8.Re1 Be7
9.b3 O-O 10.d3 f6 11.Na4 Qc7 12.Bb2 fxe5 13.Nxe5 Nxe5 14.Bxe5 d6 15.Bg3 e5
16.c3 Bf6 17.Rc1 Bd7 18.c4 Be8 19.Nc3 h5 20.Ne4 Be7 21.h3 h4 22.Bh2 Rf5 23.Qd2 Bh5
24.Qb2 Raf8 25.Rc2 Qd7 26.f3 Bd8 27.Nf2 Ba5 28.Re4 Qd8 29.Rce2 Rg5 30.Ng4 Bg6
31.R4e3 Rgf5 32.Nf2 R5f7 33.Ne4 Bf5 34.Kh1 Bb6 35.Nf2 Qf6 36.Ne4 Qg6 37.Nf2 Bc7
38.Rd2 Bd8  1-0

[Event "63rd TCh-BUL GpB 2013"]
[Site "Sunny Beach BUL"]
[Date "2013.09.24"]
[Round "8.2"]
[White "Dimov,Di"]
[Black "Stefanov,Pl"]
[Result "1-0"]
[WhiteElo "2289"]
[BlackElo "2204"]

1.e4 c5 2.Nf3 Nc6 3.Bb5 g6 4.O-O Bg7 5.Re1 a6 6.Bf1 Nf6 7.c3 d5 8.e5 Ng4
9.d4 cxd4 10.cxd4 O-O 11.Nc3 f6 12.h3 Nh6 13.exf6 Rxf6 14.Ne5 Nf5 15.Nxd5 Rd6
16.Nxc6 bxc6 17.Nc3 Bxd4 18.Qb3+ Kf8 19.Bf4 Rf6 20.Ne4 Bxf2+ 21.Nxf2 Nd4
22.Bh6+ Ke8 23.Qg8+ Kd7 24.Qxd8+ Kxd8 25.Rad1 c5 26.Ne4  1-0

[Event "UKR-POL Academic Teams"]
[Site "Lviv UKR"]
[Date "2013.09.26"]
[Round "1"]
[White "Onokienko,Olexandra"]
[Black "Janik,L"]
[Result "1-0"]
[WhiteElo "1874"]
[BlackElo "1624"]

1.e4 c5 2.Nf3 Nc6 3.Bb5 d6 4.O-O Bd7 5.c3 g6 6.d4 cxd4 7.cxd4 Bg7 8.Nc3 a6
9.Bxc6 bxc6 10.Qe2 e6 11.e5 d5 12.Na4 Ne7 13.Bg5 O-O 14.Nc5 Bc8 15.Rac1 h6
16.Bxe7 Qxe7 17.Rfe1 a5 18.Qc2 Re8 19.Qa4 Qc7 20.b4 Bb7 21.b5 cxb5 22.Qxb5 Re7
23.Nxe6 Qd7 24.Qxd7 Rxd7 25.Nxg7 Kxg7 26.e6 fxe6 27.Rxe6 Rf8 28.Ne5 Bc8 29.Nxd7 Bxd7
30.Re7+ Rf7 31.Rxf7+ Kxf7 32.Rc5 a4 33.Rxd5 Be6 34.Ra5 Bxa2 35.Rxa4 Bb3 36.Ra6 h5
37.f4 Bc2 38.Kf2 Bd3 39.Rb6 Bf5 40.Ke3 Ke7 41.d5 Kd7 42.Kd4 Kc7 43.Rf6 Kd7
44.Rxf5 gxf5 45.Ke5 Ke7 46.Kxf5 Kd6 47.Kg6 Kxd5 48.f5 Kd6 49.f6 h4 50.f7 Ke7
51.Kg7  1-0

[Event "UKR-POL Academic Teams"]
[Site "Lviv UKR"]
[Date "2013.09.26"]
[Round "1"]
[White "Warakomski,T"]
[Black "Soroka,Danylo"]
[Result "1-0"]
[WhiteElo "2494"]
[BlackElo "2207"]

1.e4 c5 2.Nf3 Nc6 3.Bb5 g6 4.Bxc6 bxc6 5.O-O Bg7 6.Re1 Nf6 7.e5 Nd5 8.c4 Nc7
9.d4 cxd4 10.Qxd4 O-O 11.Qh4 d5 12.Bh6 Ne6 13.Nc3 d4 14.Rad1 c5 15.Nd5 Re8
16.b4 Bb7 17.Bxg7 Nxg7 18.Ng5 h5 19.bxc5 Bxd5 20.cxd5 Qxd5 21.Qxd4 Qxa2 22.c6 Ne6
23.Nxe6 Qxe6 24.c7 Rec8 25.Rc1 a5 26.Qa4 Ra7 27.Rc6 Qd5 28.e6 f5 29.Rec1 Qe5
30.Qd1 Raa8 31.Qd7 Kf8 32.Ra6 Qe4 33.Rxa8 Qxa8 34.Rd1 Re8 35.Qxe8+ Kxe8 36.Rb1  1-0

[Event "UKR-POL Academic Teams"]
[Site "Lviv UKR"]
[Date "2013.09.26"]
[Round "2"]
[White "Podolsky,A"]
[Black "Klekowski,M"]
[Result "1/2-1/2"]
[WhiteElo "2247"]
[BlackElo "2381"]

1.e4 c5 2.Nf3 Nc6 3.Bb5 g6 4.Bxc6 dxc6 5.O-O Bg7 6.d3 Nf6 7.h3 O-O 8.Nc3 Qc7
9.Be3 Nd7 10.Qd2 Rd8 11.Rae1 b6 12.Nh2 Nf8 13.f4 c4 14.d4 f5 15.exf5 gxf5
16.Nf3 Be6 17.Ng5  1/2-1/2

[Event "Baku Open 2013"]
[Site "Baku AZE"]
[Date "2013.09.27"]
[Round "9.23"]
[White "Mammadova,G"]
[Black "Kotronias,V"]
[Result "0-1"]
[WhiteElo "2349"]
[BlackElo "2579"]

1.e4 c5 2.Nf3 Nc6 3.Bb5 d6 4.d4 cxd4 5.Qxd4 Bd7 6.Bxc6 Bxc6 7.Nc3 Nf6 8.Bg5 e6
9.Qd3 Be7 10.Nd4 h6 11.Bd2 d5 12.e5 Nd7 13.f4 Qb6 14.O-O-O O-O-O 15.Be3 Bc5
16.Kb1 Kb8 17.Rhe1 Ka8 18.Bg1 Rde8 19.Ka1 f6 20.a3 fxe5 21.fxe5 Qd8 22.Qg6 Qb8
23.b4 Bb6 24.b5 Nf8 25.Qxg7 Ba5 26.Re3 Rh7 27.Qg3 Bd7 28.Rf3 Rc8 29.Kb2 Be8
30.Qg8 Bh5 31.g4 Rhc7 32.Nce2 Ng6 33.Qxe6 Nxe5 34.Rg3 Bf7 35.Qxh6 Bg6 36.c3 Rh7
37.Qc1 Qd6 38.Ka2 Be4 39.Nb3 Bb6 40.Ned4 a5 41.Qf4 Rc4 42.Nf5 Bxf5 43.Qxf5 Rf7
44.Qc2 Bxg1 45.Rgxg1 Ra4 46.g5 Nc4 47.Rge1 Nxa3 48.Qg2 Nxb5+  0-1

[Event "Baku Open 2013"]
[Site "Baku AZE"]
[Date "2013.09.27"]
[Round "9.10"]
[White "Azarov,S"]
[Black "Rogozenco,D"]
[Result "1/2-1/2"]
[WhiteElo "2636"]
[BlackElo "2515"]

1.e4 c5 2.Nf3 Nc6 3.Bb5 e6 4.O-O Nge7 5.c3 d5 6.e5 d4 7.Re1 Bd7 8.a4 Ng6
9.Na3 Be7 10.Nc2 O-O 11.cxd4 cxd4 12.d3 a6 13.Bxc6 Bxc6 14.Ncxd4 Bd5 15.Be3  1/2-1/2

[Event "Vasteras Open 2013"]
[Site "Vasteras SWE"]
[Date "2013.09.27"]
[Round "2.3"]
[White "Svensson,Anders2"]
[Black "Blomqvist,E"]
[Result "0-1"]
[WhiteElo "2112"]
[BlackElo "2505"]

1.e4 c5 2.Nf3 Nc6 3.Bb5 e6 4.Bxc6 bxc6 5.b3 d6 6.O-O e5 7.Bb2 Ne7 8.Re1 Ng6
9.c3 Qf6 10.d4 Bg4 11.dxc5 dxc5 12.Nbd2 Rd8 13.Qc2 Be7 14.Re3 h5 15.Nc4 h4
16.h3 Be6 17.Na5 Nf4 18.Kh2 Rh6 19.Nxc6 Bxh3 20.Nxd8 Bxg2 21.Nb7 g5 22.c4 Bxf3
23.Rxf3 g4 24.Rd3 Nxd3 25.Qxd3 Qxf2+ 26.Kh1 g3  0-1

[Event "Grand Open Blagoevgrad 2013"]
[Site "Blagoevgrad BUL"]
[Date "2013.09.28"]
[Round "1.20"]
[White "Stoinev,M"]
[Black "Spasova,Tsvetelina"]
[Result "1-0"]
[WhiteElo "2221"]
[BlackElo "1765"]

1.e4 c5 2.Nf3 Nc6 3.Bb5 Qc7 4.c3 Nf6 5.Qe2 d6 6.O-O a6 7.Ba4 b5 8.Bc2 Bg4
9.h3 Bh5 10.d3 Ne5 11.Nbd2 e6 12.a4 b4 13.a5 Be7 14.Ba4+ Nfd7 15.g4 Nxf3+
16.Qxf3 Bg6 17.Nc4 O-O 18.Bxd7 Qxd7 19.Nb6 Qc6 20.Nxa8 Rxa8 21.Re1 bxc3 22.bxc3 Rb8
23.Qe2 Bf6 24.Qc2 h6 25.Bf4 Rb5 26.f3 Qc7 27.Reb1 Rxb1+ 28.Rxb1 Qxa5 29.Bxd6 Bxc3
30.Rc1 Bd4+ 31.Kg2 Qb5 32.Bxc5 Bxc5 33.Qxc5 Qxd3 34.Qc2 Qa3 35.Qc3 Qa2+ 36.Rc2 Qb1
37.Rb2 Qd1 38.Qc8+ Kh7 39.Qxa6 f5 40.Qe2 Qd4 41.Rd2 Qa4 42.gxf5 exf5 43.e5 Qh4
44.e6 f4 45.Qf2  1-0

[Event "12th Forchheim Open A 2013"]
[Site "Forchheim GER"]
[Date "2013.09.28"]
[Round "2.21"]
[White "Winterholler,Christina"]
[Black "Barnickel,J"]
[Result "1-0"]
[WhiteElo "1959"]
[BlackElo "2054"]

1.e4 c5 2.Nf3 Nc6 3.Bb5 g6 4.Bxc6 bxc6 5.d3 Bg7 6.O-O e6 7.Nc3 Ne7 8.Be3 Qa5
9.Qd2 O-O 10.Bh6 d5 11.Nxd5 Qxd2 12.Nxe7+ Kh8 13.Bxg7+ Kxg7 14.Nxd2 Bb7 15.Nb3 Rfe8
16.Nxg6 hxg6 17.Nxc5 Rab8 18.f4 e5 19.fxe5 Bc8 20.b3 Rxe5 21.d4 Re7 22.Rae1 a5
23.c4 Ra8 24.e5 Bf5 25.h3 a4 26.Nxa4 Bd3 27.Rf2  1-0

[Event "ch-GER w Rapid 2013"]
[Site "Gladenbach GER"]
[Date "2013.09.28"]
[Round "5.5"]
[White "Melamed,T"]
[Black "Germann,H"]
[Result "1-0"]
[WhiteElo "2360"]
[BlackElo "2074"]

1.e4 c5 2.Nf3 Nc6 3.Bb5 g6 4.Bxc6 dxc6 5.d3 Bg7 6.Nc3 Nf6 7.Bf4 O-O 8.Qd2 Re8
9.h3 b6 10.Be5 Ba6 11.O-O c4 12.d4 b5 13.a3 Bb7 14.Rfe1 a5 15.Rad1 Qb6 16.Qf4 Rec8
17.Bxf6 Bxf6 18.e5 Bg7 19.Ne4 Rf8 20.Nc5 Bc8 21.Qh4 Qc7 22.e6 f6 23.Qe4 Rd8
24.h4 Rd5 25.g4 Bh6 26.g5 f5 27.Qe3 Bg7 28.c3 Bb7 29.Kg2 Rad8 30.Ng1 Bc8
31.Nh3 Qb6 32.Nf4 R5d6 33.h5 gxh5 34.Rh1  1-0

[Event "UKR-POL Academic Teams"]
[Site "Lviv UKR"]
[Date "2013.09.28"]
[Round "5"]
[White "Warakomski,T"]
[Black "Sergienko,Vladislav"]
[Result "1-0"]
[WhiteElo "2494"]
[BlackElo "2192"]

1.e4 c5 2.Nf3 Nc6 3.Bb5 g6 4.Bxc6 bxc6 5.O-O Bg7 6.Re1 e5 7.c3 Ne7 8.d4 cxd4
9.cxd4 exd4 10.Nxd4 O-O 11.Nc3 h6 12.Bf4 d5 13.exd5 cxd5 14.Qd2 Kh7 15.Be5 Nf5
16.Nxf5 Bxf5 17.Bxg7 Kxg7 18.Nxd5 Be6 19.Qc3+ f6 20.Nc7  1-0

[Event "Vasteras Open 2013"]
[Site "Vasteras SWE"]
[Date "2013.09.28"]
[Round "6.3"]
[White "Solodovnichenko,Y"]
[Black "Karlsson,L"]
[Result "1-0"]
[WhiteElo "2577"]
[BlackElo "2404"]

1.e4 c5 2.Nf3 Nc6 3.Bb5 Nf6 4.Nc3 Nd4 5.e5 Nxb5 6.Nxb5 Ng4 7.h3 Nh6 8.d4 Qa5+
9.Nc3 cxd4 10.Qxd4 Nf5 11.Qd5 Qxd5 12.Nxd5 Rb8 13.g4 Nh6 14.Bf4 e6 15.Bxh6 gxh6
16.Nf6+ Ke7 17.O-O-O Bg7 18.Nh5 Rg8 19.Nxg7 Rxg7 20.Rd4 b5 21.Rhd1 Rb7 22.Nd2 Rc7
23.Ne4 Rc4 24.Rxc4 bxc4 25.Nf6 d5 26.f4 Rg6 27.Kd2 Rxf6 28.exf6+ Kxf6 29.Ke3 Ke7
30.h4 Kd6 31.b3 cxb3 32.axb3 e5 33.fxe5+ Kxe5 34.Rd4 h5 35.g5 Bf5 36.c3 Bc2
37.Rb4 a5 38.Rb7 a4 39.bxa4 Bxa4 40.Re7+  1-0

[Event "23rd EYCC Open U16 2013"]
[Site "Budva MNE"]
[Date "2013.09.29"]
[Round "1.22"]
[White "Beks,Edmunds"]
[Black "Garriga Cazorla,Pere"]
[Result "0-1"]
[WhiteElo "1923"]
[BlackElo "2233"]

1.e4 c5 2.Nf3 Nc6 3.Bb5 g6 4.c4 Bg7 5.Bxc6 bxc6 6.O-O e5 7.Nc3 Ne7 8.d3 d6
9.Rb1 O-O 10.b4 cxb4 11.Rxb4 h6 12.Ra4 f5 13.Nd2 f4 14.Re1 g5 15.f3 h5 16.c5 d5
17.Ne2 g4 18.d4 gxf3 19.gxf3 Ng6 20.Qb3 Qh4 21.Rd1 Bh3 22.exd5 Qg5+ 23.Kf2 Qg2+
24.Ke1 Qh1+ 25.Kf2 Qxh2+ 26.Ke1 Qh1+ 27.Kf2 Qg2+ 28.Ke1 Rab8 29.Qc2 Nh4 30.Rxa7 Qh1+
31.Kf2 Qh2+ 32.Ke1 Ng2+  0-1